=LDR 00000nam 2200000 4500 =001 INLIS000000000012313 =005 20130612103839 =008 ***********************************Ind** =035 ##$$0010-061300000012313 =041 ##$$a Ind =082 ##$$a 658.4 =090 ##$$a 658.4, Mes m =100 ##$$a Messing, Bob =245 ##$$a Manajemen menurut Tao sebuah kajian klasik bagi para Manajer masakini, Bob Massing ; Penerjemah surahcman R.M =260 ##$$a 1994 $b Jakarta =300 ##$$a xiv, 135 hlm, Ilus, 21 cm =650 ##$$a Kepemimpinan =700 ##$$a Surakhman R.M =850 ##$$a NBPNMAT